Tour de France - villes étapes - Statistiques

Statistiques générales
  • Ce quiz a été pris 1 716 fois
    841 depuis la dernière actualisation
  • Le résultat moyen est 20 sur 36
Statistiques - réponses
Nb d'accueils Dernier passage Région Réponse % Correct
147 2026 Ile-de-France Paris
99%
42 2024 PACA Nice
90%
83 2026 Nouvelle Aquitaine Bordeaux
89%
36 2017 PACA Marseille
89%
19 2025 Hauts-de-France Lille
87%
18 2020 AURA Lyon
84%
76 2026 Nouvelle Aquitaine Pau
82%
29 2025 Occitanie Toulouse
81%
24 2006 Grand Est Strasbourg
78%
32 2021 Bretagne Brest
73%
33 2025 Occitanie Montpellier
71%
31 2008 Pays de la Loire Nantes
70%
43 2020 AURA Grenoble
60%
37 2012 Grand Est Metz
58%
26 2022 AURA Saint-Etienne
57%
37 2025 Normandie Caen
56%
18 2019 Grand Est Nancy
55%
20 2021 Occitanie Nîmes
54%
20 2025 Normandie Rouen
52%
20 2015 Normandie Le Havre
48%
36 2009 Occitanie Perpignan
48%
33 2023 Nouvelle Aquitaine Bayonne
46%
32 2026 AURA Huez (L'Alpe d'Huez)
46%
27 2018 Hauts-de-France Roubaix
44%
20 2025 Hauts-de-France Dunkerque
43%
21 2016 Pays de la Loire Angers
42%
29 2026 PACA Gap
41%
20 1983 Nouvelle Aquitaine La Rochelle
40%
20 2014 BFC Besançon
37%
19 2026 Grand Est Mulhouse
36%
60 2025 Occitanie Bagnères-de-Luchon
33%
20 2026 AURA Le Bourg-d'Oisans
32%
35 2022 PACA Briançon
26%
33 2026 BFC Belfort
21%
24 2001 PACA Aix-les-Bains
17%
24 2023 AURA Morzine (Avoriaz)
12%
Aucun quiz correspondant
Distribution des résultats
% des personnes avec chaque résultat
Percentile par nombre de réponses
Votre historique - résultats
Vous n’avez pas pris ce quiz depuis la dernière actualisation